Sports Quiz

Random Sports or Football Quiz

Every player to win 3+ Premier League titles Quiz Stats

 Plays Quiz not verified by Sporcle

Score 0/59 Timer 10:00
12 Plays Today
Titles Player % Correct
13Ryan Giggs
99.1%
11Paul Scholes
96.3%
7Roy Keane
93.3%
5John Terry
91.9%
8Gary Neville
90.7%
6Phil Neville
90.4%
3Ashley Cole
90.2%
5Andy Cole
90.2%
3Joe Cole
89.8%
3Frank Lampard
89.6%
4Didier Drogba
88.6%
3Cristiano Ronaldo
88.2%
6David Beckham
88%
6Rio Ferdinand
86.6%
4Petr Cech
86.2%
5Nemanja Vidic
85.9%
4Sergio Aguero
85.8%
3Rafael
85.4%
4Vincent Kompany
84.8%
4Ji-Sung Park
84.7%
6Ole Gunnar Solskjaer
84.2%
3Henning Berg
83.5%
4David Silva
83.5%
5Wayne Rooney
83.5%
3Dwight Yorke
81.7%
5Peter Schmeichel
81.2%
3Carlos Tevez
79.9%
3Yaya Toure
78.9%
5Darren Fletcher
77.6%
3Dennis Bergkamp
75.1%
Titles Player % Correct
4Nani
73.6%
6Nicky Butt
73.1%
5Patrice Evra
73%
7Denis Irwin
72.5%
5John O'Shea
71.6%
3Robert Huth
70.1%
4Anderson
67.1%
3Patrick Vieira
67%
4Edwin van der Sar
66.4%
4Eric Cantona
66%
3Branislav Ivanovic
65.5%
3Ricardo Carvalho
63.9%
5Michael Carrick
63.6%
3Fernandinho
61.5%
3Gael Clichy
58.4%
5Wes Brown
57.4%
3Teddy Sheringham
56.2%
3Jonny Evans
54.7%
3Steve Bruce
52.4%
3Jaap Stam
50.3%
3Paulo Ferreira
48.9%
3Martin Keown
48.4%
4Gary Pallister
45.8%
3Ray Parlour
43.6%
4Mikael Silvestre
36.7%
3Ronny Johnsen
34.8%
3Tomasz Kuszczak
29.3%
4Brian McClair
28.4%
3Lee Sharpe
20.4%

You're not logged in!

Compare scores with friends on all Sporcle quizzes.
OR
Log In

Show Comments

Extras

Top Quizzes Today


Score Distribution

Your Account Isn't Verified!

In order to create a playlist on Sporcle, you need to verify the email address you used during registration. Go to your Sporcle Settings to finish the process.

Report this User

Report this user for behavior that violates our Community Guidelines.

Details: